000 00484nam a22001697a 4500
005 20260303104330.0
008 260303b |||||||| |||| 00| 0 eng d
020 _a978 9914 51 208 3
050 _aPE 1128.N74 2026
100 _aNTHIGA PURITY M.
245 _aBOOKLYST SENIOR SCHOOL MASTER ENGLISH
260 _aNAIROBI,KENYA
_bBOOKLYST PRESS LIMITED
_c2026
300 _a333P.
650 _aENGLISH LANGUAGE
700 _aGANIJI HOPESTELLAH ,COLLINCE OJWANG
942 _2lcc
_cBK
999 _c216745
_d216745